000 01354nam a2200397 i 4500
001 39260
003 KOSZ 005
005 20190919113952.0
008 010320s2001 pl f |000 0 pol d
020 _a8371871961
040 _cKOSZ 005
_aKOSZ 005
_dKOSZ 005/HR
046 _k2001
080 _a349.2(438)
080 _a352/353.08(438)
100 1 _aRutkowski, Tomasz
_c(prawnik)
_eAutor
245 1 0 _aPrawo pracy dla pracowników samorządowych w pytaniach i odpowiedziach /
_cTomasz Rutkowski.
250 _aStan prawny na dzień 1 stycznia 2001 r.
260 _aGdańsk :
_bOśrodek Doradztwa i Doskonalenia Kadr,
_c2001.
300 _a337 s. ;
_c24 cm.
336 _2rdacontent
_aTekst
_btxt
337 _2rdamedia
_aBez urządzenia pośredniczacego
_bn
338 _2rdacarrier
_aWolumin
_bnc
380 _aKsiążki
388 _a2001-
648 _a2001-
650 7 _aPrawo pracy
650 7 _aZatrudnienie
650 9 _aSamorząd terytorialny
650 9 _aUrzędnicy
650 9 _aPracownicy samorządowi
651 7 _aPolska
658 _aPrawo i wymiar sprawiedliwości
658 _aPolityka, politologia, administracja publiczna
856 _uhttp://koha.tu.koszalin.pl/cgi-bin/koha/opac-detail.pl?biblionumber=39260
_yKatalog online BPK
942 _cKS
_2UKD
999 _c39260
_d39260